Ecology of soil-borne plant pathogens : (Record no. 15375)
[ view plain ]
| 000 -LEADER | |
|---|---|
| fixed length control field | 01506nam a22003132 4500 |
| 001 - CONTROL NUMBER | |
| control field | 15375 |
| 003 - CONTROL NUMBER IDENTIFIER | |
| rucl marc code | BD-RjUL |
| 005 - DATE AND TIME OF LATEST TRANSACTION | |
| control field | 20211208235814.0 |
| 008 - FIXED-LENGTH DATA ELEMENTS--GENERAL INFORMATION | |
| fixed length control field | 140210s1965 enka g 001 0 eng d |
| 035 ## - SYSTEM CONTROL NUMBER | |
| System control number | OCLC ocm04299716 from D970916M |
| -- | (BD-RjUL)15429 |
| 040 ## - CATALOGING SOURCE | |
| Original cataloging agency | ABC |
| Transcribing agency | ABC |
| Modifying agency | UKM |
| -- | BD-RjUL |
| Language of cataloging | eng |
| 041 ## - LANGUAGE CODE | |
| Language code of text/sound track or separate title | eng |
| 082 04 - DEWEY DECIMAL CLASSIFICATION NUMBER | |
| Classification number | 632.96 |
| Edition number | 18 |
| Author mark and year | INE 1965 |
| 090 ## - LOCALLY ASSIGNED LC-TYPE CALL NUMBER (OCLC); LOCAL CALL NUMBER (OCLC) | |
| Classification number (OCLC) (R) ; Classification number, CALL (RLIN) (NR) | QR111 |
| Local cutter number (OCLC) ; Book number/undivided call number, CALL (RLIN) | .I55 1963 |
| 110 2# - MAIN ENTRY--CORPORATE NAME | |
| Corporate name or jurisdiction name as entry element | International Symposium on Factors Determining the Behavior of Plant Pathogens in Soil, Berkeley, Calif., 1963. |
| 9 (RLIN) | 47784 |
| 245 10 - TITLE STATEMENT | |
| Title | Ecology of soil-borne plant pathogens : |
| Remainder of title | prelude to biological control / |
| Statement of responsibility, etc. | edited by Kenneth F. Baker and William C. Snyder [with] R. R. Baker ... [et al.]. |
| 260 ## - PUBLICATION, DISTRIBUTION, ETC. (IMPRINT) | |
| Place of publication, distribution, etc. | London : |
| Name of publisher, distributor, etc. | John Murray, |
| Date of publication, distribution, etc. | 1965. |
| 300 ## - PHYSICAL DESCRIPTION | |
| Pagination | 571 p. : |
| Illustrations | ill. ; |
| Size | 28 cm. |
| 500 ## - GENERAL NOTE | |
| General note | Organized by a Committee on Biological Control of Soil-Borne Plant Pathogens, National Research Council. |
| General note | "Sponsored by the Agricultural Board, National Academy of Sciences - National Research Council." |
| 504 ## - BIBLIOGRAPHY, ETC. NOTE | |
| Bibliography, etc | Includes bibliographies Index. |
| 650 #0 - SUBJECT ADDED ENTRY--TOPICAL TERM | |
| Topical term or geographic name as entry element | Soil microbiology |
| General subdivision | Congresses. |
| 9 (RLIN) | 47779 |
| Topical term or geographic name as entry element | Plant diseases |
| General subdivision | Congresses. |
| 9 (RLIN) | 46350 |
| 700 1# - ADDED ENTRY--PERSONAL NAME | |
| Personal name | Baker, Kenneth F. |
| Fuller form of name | (Kenneth Frank), |
| Dates associated with a name | 1908-1996 |
| Personal name | Snyder, William Cowperthwaite, |
| Dates associated with a name | 1904- |
| 710 2# - ADDED ENTRY--CORPORATE NAME | |
| Corporate name or jurisdiction name as entry element | National Research Council (U.S.). |
| Subordinate unit | Committee on Biological Control of Soil-Borne Plant Pathogens. |
| 9 (RLIN) | 47782 |
| Corporate name or jurisdiction name as entry element | National Research Council (U.S.). |
| Subordinate unit | Agricultural Board. |
| 9 (RLIN) | 47783 |
| 942 ## - ADDED ENTRY ELEMENTS (KOHA) | |
| Source of classification or shelving scheme | Dewey Decimal Classification |
| Koha item type | Books |
| Lost status | Source of classification or shelving scheme | Damaged status | Not for loan | Collection code | Permanent Location | Current Location | Shelving location | Date acquired | Source of acquisition | Cost, normal purchase price | Total Checkouts | Full call number | Date last seen | Copy number | Koha item type |
|---|---|---|---|---|---|---|---|---|---|---|---|---|---|---|---|
| Dewey Decimal Classification | Not For Loan | Non-fiction | Central Library, University of Rajshahi | Central Library, University of Rajshahi | Reading Room | 03/03/1973 | Black Well | 6.00 | 632.96 INE 1965 | 10/02/2014 | C-1 | Books |